000 00793cab a2200253 4500
001 ABS43802
008 090401t1990 xxu||||| |||| 00| 0 eng d
035 _a(Sirsi) u43526
041 _aeng
100 _aHethrington, L.
245 _aEnvironmental property assessments now are commonplace during transactions
260 _c1990
350 _a0
490 _aNational Real Estate Investor
_v32(11) October 1990, 118-123(4)
520 _aDiscusses the importance of environmental assessments in the US property market.
650 _aCONTAMINATED PROPERTY
650 _aENVIRONMENTAL AUDITS
650 _aGREEN ISSUES
650 _aHAZARDOUS MATERIALS
650 _aTENANT FACILITY AUDITS
690 _aENVIRONMENTAL AND LAND CONSULTANCY
942 _n0
948 _c04/03/1997
999 _c27752
_d27752